Výsledky rozpočtového hospodárenia SR v roku 1993

Východiská štátneho rozpočtu SR na rok 1993. Vývoj rozpočtového hospodárenia. Vzťah štátneho rozpočtu k centrálnej banke. Vývoj zadlženosti vládneho sektora voči bankovej sústave.

Enregistré dans:
Détails bibliographiques
Auteur principal: Sabaj, J.
Format: Chapitre de livre
Langue:slovaque
Sujets:
Tags: Ajouter un tag
Pas de tags, Soyez le premier à ajouter un tag!

MARC

LEADER 00000naa a2200000 4500
001 r014805
005 20221205085910.5
041 0 |a slo 
044 |a SK 
245 1 0 |a Výsledky rozpočtového hospodárenia SR v roku 1993  |c J. Sabaj 
520 |a Východiská štátneho rozpočtu SR na rok 1993. Vývoj rozpočtového hospodárenia. Vzťah štátneho rozpočtu k centrálnej banke. Vývoj zadlženosti vládneho sektora voči bankovej sústave. 
610 2 0 |a rozpočet štátny 
610 2 0 |a Slovensko 
610 2 0 |a 1993 
610 2 0 |a banky emisné 
610 2 0 |a Bratislava 
610 2 0 |a zadlženosť 
100 1 |a Sabaj, J.